საგანგებო სიტუაციები დასამოქალაქო თავდაცვა (ბიბ.ჩანაწერი № 35777)
[ მარტივი ფორმატი ]
| 000 -LEADER | |
|---|---|
| fixed length control field | 00920nam a2200229Ia 4500 |
| 001 - CONTROL NUMBER | |
| control field | 1660 |
| 003 - CONTROL NUMBER IDENTIFIER | |
| control field | GE_BSU |
| 008 - FIXED-LENGTH DATA ELEMENTS--GENERAL INFORMATION | |
| fixed length control field | 181216s||||||||xx |||||||||||||| ||und|| |
| 020 ## - INTERNATIONAL STANDARD BOOK NUMBER | |
| International Standard Book Number | 999282283 |
| 040 ## - CATALOGING SOURCE | |
| Transcribing agency | GE_BSU |
| 080 ## - UNIVERSAL DECIMAL CLASSIFICATION NUMBER | |
| Universal Decimal Classification number | 355/359(075.8) |
| 100 ## - MAIN ENTRY--PERSONAL NAME | |
| Personal name | მდივნიშვილი,ოტია; ტაველაშვილი,ოთარი; მელქაძე, ტეიმურაზ; |
| 245 ## - TITLE STATEMENT | |
| Title | საგანგებო სიტუაციები დასამოქალაქო თავდაცვა |
| 245 ## - TITLE STATEMENT | |
| Remainder of title | სახელმძღვანელო უმაღ. სასწ. სტუდენტებისათვის |
| 260 ## - PUBLICATION, DISTRIBUTION, ETC. | |
| Place of publication, distribution, etc. | თბილისი |
| 260 ## - PUBLICATION, DISTRIBUTION, ETC. | |
| Name of publisher, distributor, etc. | მერიდიანი |
| 260 ## - PUBLICATION, DISTRIBUTION, ETC. | |
| Date of publication, distribution, etc. | 2001 |
| 300 ## - PHYSICAL DESCRIPTION | |
| Extent | 355 გვ. 19 სმ. |
| 653 ## - INDEX TERM--UNCONTROLLED | |
| Uncontrolled term | სამოქალაქო თავდაცვა |
| 942 ## - ADDED ENTRY ELEMENTS (KOHA) | |
| Koha item type | წიგნი |
არაა ხელმისაწვდომი ეგზემპლარები.
